000 01092nam a2200229Ia 4500
999 _c39766
_d39766
001 6371
003 GE_BSU
005 20191003163653.0
008 181216s1938||||ge |||||||||||||| ||geo||
040 _cGE_BSU
041 _ageo
080 _a821.353.1-1 ბ-35
100 _aბაჩანა (რაზიკაშვილი, ნიკოლოზ)
_94483
245 _aლექსები, პოემები
_cბაჩანა (რაზიკაშვილი, ნიკოლოზ) ; სოლომონ ყუბანეიშვილის რედაქციით ; რედ. რ. გვენეტაძე.
264 _aთბილისი :
_bფედერაცია ;
_c1938.
300 _a550 გვ. :
_bფოტო პორტრეტი ;
_c18 სმ.
653 _aლექსები
653 _aპოემები
700 _aყუბანეიშვილის, სოლომონ
_eრედაქტორი
_94484
700 _aგვენეტაძე, რ.
_eრედაქტორი
_93982
942 _cBK
_2udc